[Event "SR 2. liga A 2003/2004"]
[Site "?"]
[Date "2004.02.07"]
[Round "8.2"]
[White "Janos, Martin"]
[Black "Lanc, Alois"]
[Result "0-1"]
[WhiteElo "2153"]
[BlackElo "2380"]
[PlyCount "110"]
[EventDate "2003.??.??"]

1. e4 c5 2. c4 Nc6 3. Nc3 g6 4. d3 Bg7 5. Be2 a6 6. f4 d6 7. Nf3 e5 8. O-O exf4
9. Bxf4 Nge7 10. Qe1 Ne5 11. Qg3 N7c6 12. Nd5 O-O 13. Rab1 Be6 14. Kh1 Nxf3 15.
Rxf3 Bxd5 16. cxd5 Ne5 17. Rff1 a5 18. a3 a4 19. b4 axb3 20. Rxb3 Qc7 21. Rfb1
Rfb8 22. Qf2 Ra4 23. Bg5 b6 24. Qh4 Rba8 25. Rxb6 Rxa3 26. h3 Ra1 27. Kh2 Rxb1
28. Rxb1 h5 29. Qf2 Ra2 30. Qf1 Kh7 31. Qd1 Bh6 32. Bxh6 Kxh6 33. Ra1 Rxa1 34.
Qxa1 Qb6 35. g4 hxg4 36. hxg4 Qd8 37. Qf1 Qh4+ 38. Kg2 Qg5 39. Qh1+ Kg7 40. Qh3
Qd2 41. Kf1 g5 42. Qg3 Kf6 43. Qh2 Qf4+ 44. Qf2 Ng6 45. Kg1 Ke5 46. Bf3 Qc1+
47. Kh2 Nf4 48. Bg2 Qc3 49. Bf1 Qd4 50. Qf3 Qb2+ 51. Kg3 Qd2 52. Qf2 Qxf2+ 53.
Kxf2 Kd4 54. Kf3 f6 55. Be2 Nxd3 0-1

[Event "SR 2. liga A 2003/2004"]
[Site "?"]
[Date "2004.02.07"]
[Round "8.2"]
[White "Machalova, Maria"]
[Black "Bezuch, Martin"]
[Result "1/2-1/2"]
[WhiteElo "2208"]
[BlackElo "2140"]
[PlyCount "111"]
[EventDate "2003.??.??"]

1. c4 e5 2. Nc3 Nf6 3. g3 d5 4. cxd5 Nxd5 5. Bg2 Nb6 6. Nf3 Nc6 7. O-O Be7 8.
d3 O-O 9. h3 Be6 10. Kh2 f5 11. Be3 Qd7 12. Na4 f4 13. Nc5 Qc8 14. Nxe6 Qxe6
15. Bd2 Rae8 16. g4 e4 17. dxe4 Bd6 18. Kg1 Qxe4 19. Qb3+ Qc4 20. Rfe1 Qxb3 21.
axb3 Re7 22. e3 fxe3 23. Rxe3 Rxe3 24. Bxe3 Nd5 25. Nd4 Nxe3 26. fxe3 Bc5 27.
Bd5+ Kh8 28. Bxc6 bxc6 29. Rc1 Bb6 30. Rxc6 Kg8 31. Kg2 Kf7 32. Kf3 Ke7+ 33.
Ke2 Kd7 34. Rc3 Bxd4 35. exd4 Kd6 36. Re3 Rb8 37. Kd2 Rf8 38. Ke2 Rb8 39. Kd2
Rf8 40. Kc3 Rf1 41. Kc4 Rc1+ 42. Kd3 Rd1+ 43. Kc3 Rf1 44. b4 Rc1+ 45. Kd3 Rd1+
46. Kc4 Rc1+ 47. Rc3 Rd1 48. Rf3 Rc1+ 49. Kd3 Rd1+ 50. Kc3 Rc1+ 51. Kd3 Rd1+
52. Kc4 Rc1+ 53. Rc3 Rd1 54. b3 Rd2 55. Rf3 Rc2+ 56. Kd3 1/2-1/2

[Event "SR 2. liga A 2003/2004"]
[Site "?"]
[Date "2004.02.07"]
[Round "8.2"]
[White "Seitler, Andrej"]
[Black "Cvicela, Anton"]
[Result "1/2-1/2"]
[WhiteElo "2144"]
[BlackElo "2143"]
[PlyCount "43"]
[EventDate "2003.??.??"]

1. e4 c5 2. Nf3 Nc6 3. Nc3 Nf6 4. d3 d5 5. Bg5 d4 6. Ne2 e5 7. Ng3 Be7 8. Be2
O-O 9. O-O h6 10. Bc1 Be6 11. Nd2 b5 12. Nf5 Qd7 13. f4 Bxf5 14. fxe5 Nxe4 15.
dxe4 Be6 16. Bxb5 Qb7 17. Bxc6 Qxc6 18. Qe2 Bg5 19. Nf3 Bxc1 20. Rfxc1 Rad8 21.
Rd1 Rfe8 22. h3 1/2-1/2

[Event "SR 2. liga A 2003/2004"]
[Site "?"]
[Date "2004.02.07"]
[Round "8.2"]
[White "Stepanovic, Branislav"]
[Black "Felcir, Jaroslav"]
[Result "0-1"]
[WhiteElo "2090"]
[BlackElo "2215"]
[PlyCount "98"]
[EventDate "2003.??.??"]

1. e4 e5 2. Nf3 Nc6 3. Bb5 Bc5 4. O-O Nge7 5. Nxe5 Nxe5 6. d4 c6 7. Be2 Bd6 8.
dxe5 Bxe5 9. Nd2 d5 10. Nf3 Bc7 11. exd5 Nxd5 12. c4 Nf4 13. Qxd8+ Kxd8 14.
Rd1+ Ke7 15. Bf1 f6 16. Be3 Bg4 17. Re1 Kf7 18. Nd4 Rad8 19. h3 Bc8 20. b4 a5
21. b5 c5 22. Nf3 b6 23. Rad1 Rhe8 24. Rd2 Bb7 25. Red1 Nxh3+ 26. gxh3 Bxf3 27.
Rxd8 Rxd8 28. Rxd8 Bxd8 29. Bf4 Be4 30. Bg2 Bxg2 31. Kxg2 Ke6 32. Kf3 f5 33.
Ke2 g5 34. Bd2 f4 35. f3 Kf5 36. Bc1 h5 37. Kf2 Bf6 38. Bd2 g4 39. hxg4+ hxg4
40. Kg2 Bd4 41. Bc1 Bc3 42. Kf2 a4 43. Kg2 gxf3+ 44. Kxf3 Ke5 45. Bxf4+ Kd4 46.
Bc7 Ba5 47. Bd8 Kxc4 48. Ke4 Kb4 49. Kd3 Ka3 0-1

[Event "SR 2. liga A 2003/2004"]
[Site "?"]
[Date "2004.02.07"]
[Round "8.3"]
[White "Banas, Jan"]
[Black "Janos, Jozef"]
[Result "1-0"]
[WhiteElo "2367"]
[BlackElo "2206"]
[PlyCount "51"]
[EventDate "2003.??.??"]

1. c4 c5 2. Nf3 g6 3. d4 cxd4 4. Nxd4 Bg7 5. e4 Nc6 6. Be3 Nf6 7. Nc3 O-O 8.
Be2 d6 9. O-O Bd7 10. Qd2 Ng4 11. Bxg4 Bxg4 12. f4 Be6 13. b3 Nxd4 14. Bxd4
Bxd4+ 15. Qxd4 Qb6 16. Qxb6 axb6 17. f5 Bd7 18. Nd5 Rae8 19. f6 e6 20. Nxb6 Bc6
21. Rad1 Rd8 22. Rfe1 g5 23. b4 h6 24. b5 Be8 25. a4 Kh7 26. e5 1-0

[Event "SR 2. liga A 2003/2004"]
[Site "?"]
[Date "2004.02.07"]
[Round "8.3"]
[White "Kovarik, Oto"]
[Black "Fabry, Robert"]
[Result "0-1"]
[WhiteElo "2128"]
[BlackElo "2182"]
[PlyCount "102"]
[EventDate "2003.??.??"]

1. e4 e5 2. Nf3 Nc6 3. Bb5 a6 4. Bxc6 dxc6 5. O-O f6 6. d4 Bg4 7. dxe5 Qxd1 8.
Rxd1 fxe5 9. Rd3 Bd6 10. Bg5 Nf6 11. Nbd2 b5 12. Bxf6 gxf6 13. Nh4 Be6 14. b3
Ba3 15. Rd1 a5 16. Nf1 Kf7 17. Ne3 Rhb8 18. Nef5 Bf8 19. g3 a4 20. Ng2 c5 21.
g4 c4 22. bxc4 Bxc4 23. Rd7+ Kg8 24. Ra1 Rd8 25. Rxc7 Bxa2 26. Nge3 Be6 27.
Ne7+ Bxe7 28. Rxe7 Re8 29. Rb7 Rab8 30. Rc7 Rec8 31. Re7 Re8 32. Rc7 Rec8 33.
Re7 Bf7 34. Nf5 Kf8 35. Rxf7+ Kxf7 36. Nd6+ Ke6 37. Nxc8 Rxc8 38. Rb1 Rb8 39.
Kf1 Kd6 40. Ke2 Kc5 41. Kd3 Rd8+ 42. Kc3 Rd4 43. f3 b4+ 44. Kb2 Rd2 45. Ra1 Kb5
46. Rf1 b3 47. Kc1 Rxc2+ 48. Kb1 a3 49. f4 a2+ 50. Ka1 Kb4 51. fxe5 Ka3 0-1

[Event "SR 2. liga A 2003/2004"]
[Site "?"]
[Date "2004.02.07"]
[Round "8.3"]
[White "Kralovic, Andrej"]
[Black "Machalova, Veronika"]
[Result "0-1"]
[WhiteElo "2129"]
[BlackElo "2051"]
[PlyCount "126"]
[EventDate "2003.??.??"]

1. c4 e5 2. Nc3 Nc6 3. g3 g6 4. Bg2 Bg7 5. e3 d6 6. d3 f5 7. Nge2 Nf6 8. O-O
O-O 9. Rb1 a5 10. a3 h6 11. Bd2 Ne7 12. Nd5 c6 13. Nxf6+ Bxf6 14. Nc3 Kh7 15.
Qb3 Qc7 16. Rbc1 Be6 17. Nd5 Nxd5 18. cxd5 Bf7 19. Qc2 c5 20. b3 Qd7 21. a4 b6
22. e4 fxe4 23. dxe4 Qe7 24. f4 g5 25. fxe5 Bxe5 26. Rce1 Bg6 27. Rxf8 Rxf8 28.
Be3 Qg7 29. Qd3 Rf7 30. Rf1 Re7 31. Rd1 Bh5 32. Rf1 Bg6 33. Rd1 Qf8 34. Qb5 Qd8
35. Qd3 Qd7 36. Bf2 Rf7 37. Be3 Re7 38. Rf1 Qe8 39. Re1 Qh8 40. Rd1 Rf7 41. Qb5
Bh5 42. Rf1 Bd4 43. Qd3 Bxe3+ 44. Qxe3 Rxf1+ 45. Bxf1 Qe5 46. Qd3 Kg7 47. h3
Bg6 48. Bg2 Qd4+ 49. Qxd4+ cxd4 50. Kf2 Kf6 51. Ke2 Ke5 52. Kd3 Be8 53. Kc4 Bd7
54. g4 Be8 55. Bh1 h5 56. Bg2 hxg4 57. hxg4 Bd7 58. Bf3 Kf4 59. Bg2 Ke3 60. e5
dxe5 61. Bf1 e4 62. d6 d3 63. Kc3 Bxg4 0-1

[Event "SR 2. liga A 2003/2004"]
[Site "?"]
[Date "2004.02.07"]
[Round "8.3"]
[White "Minich, Peter"]
[Black "Manak, Jozef"]
[Result "1-0"]
[WhiteElo "2210"]
[BlackElo "2076"]
[PlyCount "89"]
[EventDate "2003.??.??"]

1. e4 c5 2. g3 Nc6 3. Bg2 g6 4. Ne2 Bg7 5. O-O Nf6 6. Nbc3 O-O 7. d3 d6 8. h3
Rb8 9. a4 a6 10. f4 Bd7 11. g4 e6 12. Ng3 b5 13. axb5 axb5 14. f5 b4 15. Nce2
Ne8 16. g5 exf5 17. exf5 gxf5 18. Nxf5 Bxf5 19. Rxf5 Nd4 20. Nxd4 Bxd4+ 21. Kh1
Ng7 22. Rf1 f6 23. gxf6 Rxf6 24. Ra7 Rxf1+ 25. Qxf1 Qf6 26. Bd5+ Kh8 27. Qxf6
Bxf6 28. Rf7 Be5 29. Kg2 Re8 30. Rd7 Rf8 31. Bh6 Bxb2 32. Rxd6 Bd4 33. Bf7 Rc8
34. Rd7 Rb8 35. Kf3 Nf5 36. Bf4 Rf8 37. Ke4 Kg7 38. Kxf5 Rxf7+ 39. Ke6 Rxd7 40.
Kxd7 Kg6 41. Kc6 Kh5 42. Bd6 Kh4 43. Bxc5 Bxc5 44. Kxc5 Kxh3 45. d4 1-0

[Event "SR 2. liga A 2003/2004"]
[Site "?"]
[Date "2004.02.07"]
[Round "8.3"]
[White "Skreno, Vladimir"]
[Black "Hecko, Dusan"]
[Result "1-0"]
[WhiteElo "2146"]
[BlackElo "2176"]
[PlyCount "95"]
[EventDate "2003.??.??"]

1. d4 f5 2. e4 fxe4 3. Nc3 Nf6 4. Bg5 Nc6 5. f3 d5 6. fxe4 Bg4 7. Qd2 dxe4 8.
Bb5 a6 9. Bxc6+ bxc6 10. Nge2 g6 11. Qf4 Bxe2 12. Bxf6 exf6 13. Qxe4+ Kf7 14.
Qxe2 Qe7 15. Qxe7+ Bxe7 16. O-O Rhe8 17. a3 Rad8 18. Rad1 Kg7 19. Rfe1 Bd6 20.
Ne4 Bf8 21. Kf2 Rb8 22. b4 Kf7 23. Rd3 Rbd8 24. c3 h6 25. Rf3 Re6 26. Rfe3 Rde8
27. Nd2 Rxe3 28. Rxe3 Rxe3 29. Kxe3 Ke6 30. Nb3 h5 31. c4 Bd6 32. h3 f5 33. Na5
Kd7 34. Nb7 Bf8 35. Nc5+ Bxc5 36. dxc5 g5 37. h4 gxh4 38. Kf4 Ke6 39. a4 h3 40.
gxh3 h4 41. a5 Kf6 42. b5 cxb5 43. cxb5 axb5 44. a6 Ke6 45. a7 Kd5 46. c6 Kxc6
47. a8=Q+ Kd6 48. Qb8 1-0

[Event "SR 2. liga A 2003/2004"]
[Site "?"]
[Date "2004.02.07"]
[Round "8.3"]
[White "Zamecnik, Frantisek"]
[Black "Kohlman, Robert"]
[Result "1/2-1/2"]
[WhiteElo "2128"]
[BlackElo "2210"]
[PlyCount "34"]
[EventDate "2003.??.??"]

1. d4 d6 2. c4 e5 3. Nf3 e4 4. Nfd2 f5 5. e3 Nf6 6. Nc3 g6 7. Be2 Bg7 8. O-O
O-O 9. f4 c5 10. b3 Nc6 11. dxc5 dxc5 12. Bb2 Be6 13. a3 Qe7 14. Qc2 Rfd8 15.
Rfd1 Rac8 16. Nf1 Rxd1 17. Rxd1 Rd8 1/2-1/2

[Event "SR 2. liga A 2003/2004"]
[Site "?"]
[Date "2004.02.07"]
[Round "8.4"]
[White "Antol, Ladislav"]
[Black "Szollos, Ondrej"]
[Result "1/2-1/2"]
[WhiteElo "2068"]
[BlackElo "2057"]
[PlyCount "33"]
[EventDate "2003.??.??"]

1. e4 d6 2. d4 c6 3. f4 Qc7 4. Nf3 Bg4 5. Bc4 e6 6. h3 Bxf3 7. Qxf3 d5 8. exd5
exd5 9. Bd3 Qe7+ 10. Qe3 Nf6 11. O-O Qxe3+ 12. Bxe3 Bd6 13. f5 O-O 14. Bf4 Bxf4
15. Rxf4 Re8 16. Nd2 Nbd7 17. Kf2 1/2-1/2

[Event "SR 2. liga A 2003/2004"]
[Site "?"]
[Date "2004.02.07"]
[Round "8.4"]
[White "Cseto, Jan"]
[Black "Kovacocy, Pavel"]
[Result "0-1"]
[WhiteElo "2014"]
[BlackElo "2263"]
[PlyCount "60"]
[EventDate "2003.??.??"]

1. e4 c5 2. Nf3 Nc6 3. d4 cxd4 4. Nxd4 g6 5. Nxc6 bxc6 6. c4 Bg7 7. Qc2 Qb6 8.
c5 Qb4+ 9. Nd2 Bd4 10. Bc4 Bxc5 11. O-O Bd4 12. Nb3 Bg7 13. Be3 Nf6 14. Bc5 Qb8
15. e5 Nd5 16. f4 a5 17. Qe2 a4 18. Nd4 Ra5 19. Ba3 Qb6 20. Rad1 Ba6 21. Bxa6
Qxa6 22. Qe4 f5 23. exf6 Bxf6 24. f5 g5 25. Nf3 Qb6+ 26. Kh1 Qe3 27. Qc4 Qf4
28. Nd4 Ne3 29. Qb4 Nxf1 30. Qxa5 Qxh2# 0-1

[Event "SR 2. liga A 2003/2004"]
[Site "?"]
[Date "2004.02.07"]
[Round "8.4"]
[White "Eged, Igor"]
[Black "Kubis, Ivan"]
[Result "1-0"]
[WhiteElo "2113"]
[BlackElo "2062"]
[PlyCount "93"]
[EventDate "2003.??.??"]

1. d4 Nf6 2. c4 e6 3. Nf3 b6 4. a3 Bb7 5. Nc3 Be7 6. d5 d6 7. e4 e5 8. Bd3 a5
9. h3 Nbd7 10. Be3 O-O 11. Nd2 Nxe4 12. Ndxe4 f5 13. Qc1 fxe4 14. Nxe4 Nc5 15.
Nxc5 dxc5 16. Qc2 h6 17. O-O-O Bg5 18. Qd2 c6 19. Bxg5 Qxg5 20. Qxg5 hxg5 21.
dxc6 Bxc6 22. f3 Rf4 23. Rhe1 Re8 24. Bg6 Re6 25. Rd8+ Rf8 26. Bh7+ Kf7 27.
Rxf8+ Kxf8 28. Bf5 Re8 29. Bg6 Re6 30. Bf5 Re8 31. Be4 Bxe4 32. Rxe4 Kf7 33.
Kc2 Kf6 34. Kb3 Rd8 35. Re2 Kf5 36. Ka4 Rd6 37. Kb5 g6 38. a4 Kf6 39. b3 Kf5
40. Ka6 Kf4 41. Kb7 Re6 42. Re4+ Kf5 43. Kc7 Rf6 44. g4+ Ke6 45. Re3 Kf7 46.
Rxe5 Rxf3 47. Kxb6 1-0

[Event "SR 2. liga A 2003/2004"]
[Site "?"]
[Date "2004.02.07"]
[Round "8.4"]
[White "Kruppa, Dominik"]
[Black "Lahucky, Pavol"]
[Result "1/2-1/2"]
[WhiteElo "2034"]
[BlackElo "2099"]
[PlyCount "155"]
[EventDate "2003.??.??"]

1. e4 e5 2. Nf3 Nc6 3. Bb5 a6 4. Ba4 b5 5. Bb3 Be7 6. O-O Nf6 7. Re1 O-O 8. c3
d6 9. h3 Bb7 10. d4 h6 11. Nbd2 Nd7 12. d5 Na5 13. Bc2 Nb6 14. Nf1 c6 15. Ne3
Nac4 16. dxc6 Bxc6 17. Nf5 Bd7 18. b3 Bxf5 19. exf5 Na5 20. Qd3 Bf6 21. Ba3 Nb7
22. Rad1 Nc8 23. Nd2 Nc5 24. Qf3 Ra7 25. Ne4 Nxe4 26. Qxe4 Qb6 27. Bc1 Rc7 28.
Bb2 Ne7 29. Qb4 d5 30. a4 Nc6 31. Qa3 b4 32. Qa1 bxc3 33. Bxc3 d4 34. Bb2 Nb4
35. Bd3 Nc2 36. Bxc2 Rxc2 37. Ba3 Rfc8 38. Bb2 d3 39. Re3 e4 40. Bxf6 gxf6 41.
Rf1 Qc6 42. Qd4 Re8 43. Rg3+ Kh7 44. Qe3 Qc7 45. Rg4 Re2 46. Rc1 Rxe3 47. Rxc7
Re1+ 48. Kh2 Rf8 49. Rd7 Re2 50. f3 exf3 51. Rxd3 f2 52. Rf3 Rd8 53. Rgf4 Rdd2
54. Kg3 f1=Q 55. Rxf1 Rxg2+ 56. Kh4 Rd3 57. R4f3 Rd4+ 58. Rf4 Rd5 59. Rg4 Rxg4+
60. hxg4 Rd4 61. Rc1 Rb4 62. Rc6 Kg7 63. Rxa6 Rxb3 64. Ra8 Rb1 65. a5 Ra1 66.
a6 Ra3 67. a7 Ra2 68. Kg3 Ra3+ 69. Kf4 Ra4+ 70. Ke3 Ra3+ 71. Kd4 Ra4+ 72. Kc5
Ra1 73. Kb4 Ra2 74. Kc5 Ra1 75. Kb6 Rb1+ 76. Kc7 Rc1+ 77. Kd6 Ra1 78. Kc7
1/2-1/2

[Event "SR 2. liga A 2003/2004"]
[Site "?"]
[Date "2004.02.07"]
[Round "8.4"]
[White "Moravcik, Marian"]
[Black "Doucha, Ludvik"]
[Result "0-1"]
[WhiteElo "2073"]
[BlackElo "2122"]
[PlyCount "40"]
[EventDate "2003.??.??"]

1. e4 e5 2. Nf3 d6 3. d4 exd4 4. Nxd4 g6 5. Bc4 Bg7 6. c3 Nc6 7. Be3 Nf6 8.
Nxc6 bxc6 9. Nd2 O-O 10. h3 Re8 11. Bd3 d5 12. Qc2 dxe4 13. Nxe4 Nxe4 14. Bxe4
Qh4 15. Bxc6 Rxe3+ 16. Kd1 Bf5 17. Qa4 Rd8+ 18. Kc1 Qxf2 19. Bf3 Rxc3+ 20. bxc3
Bh6+ 0-1

[Event "SR 2. liga A 2003/2004"]
[Site "?"]
[Date "2004.02.07"]
[Round "8.5"]
[White "Gasa, Andrej"]
[Black "Vrba, Michal"]
[Result "1-0"]
[WhiteElo "2188"]
[BlackElo "1863"]
[PlyCount "83"]
[EventDate "2003.??.??"]

1. e4 d5 2. exd5 Qxd5 3. Nc3 Qa5 4. Bc4 Bf5 5. d3 Nf6 6. Nf3 e6 7. O-O c6 8. h3
Nbd7 9. Bd2 Qc7 10. Re1 O-O-O 11. a3 Nb6 12. Ba2 Nbd5 13. Nh4 Bg6 14. Nxd5 exd5
15. Nxg6 hxg6 16. Qf3 Bd6 17. c4 d4 18. b4 Nh5 19. c5 Bf4 20. Rad1 Bxd2 21.
Rxd2 Nf4 22. Re4 Rh4 23. Qg3 Rdh8 24. Kf1 f5 25. Rxd4 Qe5 26. Qe3 Qxe3 27. fxe3
Nd5 28. Bxd5 Rxd4 29. exd4 cxd5 30. Re2 Rh4 31. Re7 Rxd4 32. Ke2 Rh4 33. Rxg7
Rh8 34. Rxg6 Re8+ 35. Kf2 f4 36. Rd6 Re5 37. a4 Kc7 38. a5 Rg5 39. d4 Rh5 40.
b5 Rg5 41. b6+ axb6 42. axb6+ 1-0

[Event "SR 2. liga A 2003/2004"]
[Site "?"]
[Date "2004.02.07"]
[Round "8.5"]
[White "Pacher, Milan"]
[Black "Kebis, Milos"]
[Result "1-0"]
[WhiteElo "2051"]
[BlackElo "2088"]
[PlyCount "51"]
[EventDate "2003.??.??"]

1. d4 Nf6 2. c4 g6 3. g3 Bg7 4. Bg2 O-O 5. Nf3 c5 6. d5 d6 7. O-O Na6 8. Nc3
Nc7 9. a4 b6 10. e4 Rb8 11. e5 Ng4 12. exd6 exd6 13. Bf4 a6 14. Ne4 Ne5 15.
Bxe5 dxe5 16. a5 Bg4 17. axb6 Rxb6 18. Nxc5 f5 19. Qa4 Rf7 20. Qa5 Qb8 21. Ng5
Re7 22. Nge6 Bf6 23. Nxc7 Rxc7 24. Nxa6 Rxa6 25. Qxa6 Be2 26. Qxf6 1-0

[Event "SR 2. liga A 2003/2004"]
[Site "?"]
[Date "2004.02.07"]
[Round "8.5"]
[White "Puchart, Vladimir"]
[Black "Gono, Pavol"]
[Result "0-1"]
[WhiteElo "2145"]
[BlackElo "1910"]
[PlyCount "57"]
[EventDate "2003.??.??"]

1. d4 c6 2. Nf3 d5 3. g3 Nf6 4. Bg2 Bf5 5. O-O e6 6. c4 dxc4 7. Ne5 Be7 8. Nc3
O-O 9. Nxc4 Nbd7 10. b3 Rc8 11. Bb2 b5 12. Nd2 Qb6 13. Nf3 c5 14. d5 exd5 15.
Nxd5 Nxd5 16. Qxd5 Be6 17. Qd2 Rfd8 18. Ng5 Nf8 19. Qe3 Rd7 20. Rfd1 Rcd8 21.
Rxd7 Rxd7 22. Nxe6 Nxe6 23. Bh3 Rd5 24. Rf1 Bf8 25. Qe4 Qd6 26. Qh4 Nd4 27. Qg4
h5 28. Qe4 Re5 29. Qa8 {time} 0-1

[Event "SR 2. liga A 2003/2004"]
[Site "?"]
[Date "2004.02.07"]
[Round "8.5"]
[White "Samko, Karol"]
[Black "Kolman, Richard"]
[Result "0-1"]
[WhiteElo "1998"]
[BlackElo "2145"]
[PlyCount "69"]
[EventDate "2003.??.??"]

1. e4 c5 2. Nf3 d6 3. d4 cxd4 4. Nxd4 Nf6 5. Nc3 a6 6. Be3 e5 7. Nb3 Be6 8. Be2
Nbd7 9. Qd2 b5 10. f3 Be7 11. O-O O-O 12. Rad1 Nb6 13. Qe1 b4 14. Nb1 Nc4 15.
Bxc4 Bxc4 16. Rf2 a5 17. N1d2 Be6 18. Nf1 Qd7 19. Nc5 Qc6 20. Nxe6 fxe6 21. Bg5
h6 22. Bxf6 Bxf6 23. Qd2 Rfd8 24. Ne3 Bg5 25. Qd3 Qc5 26. Nf1 d5 27. Qe2 d4 28.
Qd3 a4 29. Re2 a3 30. b3 Rac8 31. g3 h5 32. h4 Bh6 33. Kf2 Qb6 34. Ree1 Rc3 35.
Qe2 0-1

[Event "SR 2. liga A 2003/2004"]
[Site "?"]
[Date "2004.02.07"]
[Round "8.5"]
[White "Sycova, Miroslava"]
[Black "Hanzluvka, Peter"]
[Result "1/2-1/2"]
[WhiteElo "2068"]
[BlackElo "2050"]
[PlyCount "93"]
[EventDate "2003.??.??"]

1. e4 c5 2. Nc3 Nc6 3. f4 e6 4. Nf3 g6 5. g3 Bg7 6. Bg2 Nge7 7. O-O O-O 8. d3
Rb8 9. Be3 Nd4 10. Qd2 b5 11. Nd1 d5 12. Bxd4 cxd4 13. e5 Qb6 14. Qf2 Nc6 15.
c3 dxc3 16. Nxc3 Ba6 17. Rfc1 Rfc8 18. Qxb6 Rxb6 19. Bf1 Bf8 20. d4 Na5 21. a4
Nb3 22. axb5 Nxc1 23. bxa6 Nb3 24. Ra4 Rcb8 25. g4 Bb4 26. Kf2 Nc1 27. Nd1 Be7
28. f5 gxf5 29. gxf5 Rb3 30. Nd2 R3b4 31. Rxb4 Rxb4 32. Nf3 Rb3 33. fxe6 fxe6
34. Nd2 Bh4+ 35. Kg2 Rb4 36. Nf3 Be7 37. Kg3 Rb3 38. Kf4 Nd3+ 39. Kg3 Ne1 40.
Be2 Nxf3 41. Bxf3 Rd3 42. Nc3 Rxd4 43. Nb5 Ra4 44. Nxa7 Bc5 45. Nb5 Rxa6 46.
Nc7 Rb6 47. Nxe6 1/2-1/2

[Event "SR 2. liga A 2003/2004"]
[Site "?"]
[Date "2004.02.07"]
[Round "8.5"]
[White "Syrovy, Ivan"]
[Black "Rohackova, Veronika"]
[Result "1-0"]
[WhiteElo "2067"]
[BlackElo "2055"]
[PlyCount "83"]
[EventDate "2003.??.??"]

1. e4 e5 2. Nf3 Nc6 3. Bb5 a6 4. Ba4 Nf6 5. O-O b5 6. Bb3 d6 7. Re1 Bg4 8. c3
g6 9. h3 Bxf3 10. Qxf3 Bg7 11. d3 O-O 12. Bg5 Na5 13. Bc2 h6 14. Bh4 Nc6 15.
Nd2 Nb8 16. Nf1 Nbd7 17. Ne3 Qe8 18. g4 c6 19. Kh2 Nh7 20. Rg1 Nc5 21. Nf5 gxf5
22. gxf5 f6 23. Rg2 Ra7 24. b4 Na4 25. Qe3 Rc7 26. Qxh6 Nxc3 27. Rag1 Rff7 28.
Qd2 Nd5 29. exd5 cxd5 30. Bb3 Qc6 31. Qe2 Rfe7 32. Qf3 Kh8 33. Bxd5 Qc3 34. Rg6
e4 35. Bxe4 Qxb4 36. Qh5 Qd2 37. Rxg7 Rxg7 38. Qe8+ Nf8 39. Qxf8+ Kh7 40. Rxg7+
Rxg7 41. Qxd6 Qc2 42. Qxf6 1-0

[Event "SR 2. liga A 2003/2004"]
[Site "?"]
[Date "2004.02.07"]
[Round "8.6"]
[White "Blazkova, Barbora"]
[Black "Gajarsky, Roman"]
[Result "1/2-1/2"]
[WhiteElo "1967"]
[BlackElo "2021"]
[PlyCount "73"]
[EventDate "2003.??.??"]

1. d4 d5 2. c4 c6 3. Nf3 Bf5 4. Nc3 Nf6 5. e3 e6 6. h3 Bd6 7. Bd3 Bxd3 8. Qxd3
Nbd7 9. O-O O-O 10. Bd2 e5 11. e4 exd4 12. Nxd4 Nc5 13. Qe2 Ncxe4 14. cxd5 Nxd2
15. Qxd2 Nxd5 16. Nxd5 cxd5 17. Nb5 a6 18. Nxd6 Qxd6 19. Rfd1 Rad8 20. Qa5 d4
21. Rd3 Rd7 22. Rad1 Rfd8 23. Rxd4 Qxd4 24. Rxd4 Rxd4 25. Qb6 Rd1+ 26. Kh2 R8d7
27. Qc5 h6 28. Qc8+ Kh7 29. Qc2+ g6 30. a3 R1d2 31. Qc8 Re7 32. f4 Ree2 33.
Qxb7 Kg7 34. b4 Ra2 35. Qd5 Rxa3 36. Qd4+ Kh7 37. Qf6 1/2-1/2

[Event "SR 2. liga A 2003/2004"]
[Site "?"]
[Date "2004.02.07"]
[Round "8.6"]
[White "Bury, Rastislav"]
[Black "Bednar, Milan"]
[Result "1/2-1/2"]
[WhiteElo "2031"]
[BlackElo "2063"]
[PlyCount "138"]
[EventDate "2003.??.??"]

1. d4 d5 2. c4 dxc4 3. Nc3 e5 4. d5 Nf6 5. e4 a6 6. Bxc4 Bd6 7. Nf3 O-O 8. h3
c6 9. dxc6 Nxc6 10. Bg5 Be7 11. O-O h6 12. Be3 b5 13. Bd5 Bb7 14. Nxe5 Nxd5 15.
Qxd5 Qxd5 16. Nxd5 Bd6 17. Nd7 Rfe8 18. Rfd1 Re6 19. f4 Kh8 20. e5 Rd8 21. N5b6
Bc7 22. a4 bxa4 23. Nxa4 Re7 24. Ndc5 Bc8 25. Nc3 Rxd1+ 26. Rxd1 Bb6 27. Rd6
Bb7 28. Nd5 Bxc5 29. Bxc5 Re8 30. Rd7 Bc8 31. Rc7 Na5 32. Bb6 Be6 33. Nc3 Nb3
34. g4 Nd2 35. b4 Rc8 36. Nd5 Rd8 37. Ne3 Rb8 38. Bc5 Ne4 39. f5 Bb3 40. Bd6
Rd8 41. Rc6 Ra8 42. Nc4 Kg8 43. Bc7 Ba4 44. Rb6 Ng5 45. Kg2 Rc8 46. Rb8 Rxb8
47. Bxb8 Kf8 48. h4 Bc6+ 49. Kg3 Nf3 50. Bd6+ Kg8 51. e6 fxe6 52. fxe6 Bd5 53.
e7 Kf7 54. Ne3 Nd2 55. Nxd5 Ne4+ 56. Kf4 Nxd6 57. Nc7 Kxe7 58. Nxa6 Kf6 59. h5
Nb5 60. Nc5 g6 61. Ne4+ Kg7 62. Ke5 Na7 63. Ke6 Nc6 64. Nd6 Nxb4 65. Ne8+ Kh7
66. Kf7 gxh5 67. Nf6+ Kh8 68. Nxh5 Nd5 69. Kg6 Nf4+ 1/2-1/2

[Event "SR 2. liga A 2003/2004"]
[Site "?"]
[Date "2004.02.07"]
[Round "8.6"]
[White "Krchnak, Rudolf"]
[Black "Mosny, Jaroslav"]
[Result "0-1"]
[WhiteElo "1809"]
[BlackElo "2051"]
[PlyCount "80"]
[EventDate "2003.??.??"]

1. d4 Nf6 2. Nc3 d5 3. Bg5 Bf5 4. Bxf6 gxf6 5. e3 e6 6. Bd3 Bg6 7. Bxg6 fxg6 8.
a3 Bg7 9. Nf3 O-O 10. O-O Nd7 11. Rb1 c6 12. Ne2 Qe7 13. c3 b5 14. Nc1 e5 15.
dxe5 fxe5 16. Nb3 a5 17. Nbd2 Nc5 18. Nb3 Ne6 19. Qc2 Rf7 20. Rbd1 a4 21. Nbd2
Raf8 22. e4 Ng5 23. Nxg5 Qxg5 24. exd5 cxd5 25. Qd3 e4 26. Qxb5 Be5 27. Qe2 Bb8
28. c4 Ba7 29. Nxe4 dxe4 30. Qxe4 Rxf2 31. Rxf2 Bxf2+ 32. Kh1 Qe3 33. Qd5+ Rf7
34. h3 Be1 35. c5 Kg7 36. Qd4+ Qxd4 37. Rxd4 Bg3 38. Kg1 Bf2+ 39. Kf1 Bxd4+ 40.
Ke2 Bxc5 0-1

[Event "SR 2. liga A 2003/2004"]
[Site "?"]
[Date "2004.02.07"]
[Round "8.6"]
[White "Kuna, Vladimir"]
[Black "Kasanicky, Robert"]
[Result "0-1"]
[WhiteElo "2149"]
[BlackElo "1982"]
[PlyCount "110"]
[EventDate "2003.??.??"]

1. d4 d5 2. Nf3 Nf6 3. c4 e6 4. Nc3 Nbd7 5. Bg5 c6 6. e3 Qa5 7. Bxf6 Nxf6 8.
Nd2 Bb4 9. Qc2 O-O 10. Bd3 c5 11. dxc5 dxc4 12. Nxc4 Qxc5 13. a3 Bxc3+ 14. Qxc3
b6 15. Qe5 Qxe5 16. Nxe5 Bb7 17. f3 Rac8 18. Ke2 Rc5 19. f4 Bxg2 20. Rhg1 Bb7
21. h4 Rfc8 22. h5 Be4 23. h6 Bxd3+ 24. Nxd3 Rc2+ 25. Kf3 g6 26. Rad1 Kf8 27.
e4 Ng8 28. f5 exf5 29. exf5 Nxh6 30. Rh1 Nxf5 31. Rxh7 R2c7 32. Ne5 Kg8 33.
Rdh1 Nd6 34. Rh8+ Kg7 35. R8h7+ Kf6 36. Ng4+ Kf5 37. Ne3+ Ke5 38. Rd1 Ke6 39.
Nd5 Rd7 40. Nf4+ Kf6 41. Nd5+ Ke5 42. Rh2 Rcd8 43. Re2+ Kf5 44. Red2 Nb7 45.
Ne3+ Ke6 46. Rxd7 Rxd7 47. Rc1 f5 48. Rc6+ Nd6 49. Kf4 Kf7 50. Ke5 Ne4 51. Nd5
Kg7 52. Ke6 Rf7 53. Ke5 g5 54. Ne3 Ng3 55. Re6 f4 0-1

[Event "SR 2. liga A 2003/2004"]
[Site "?"]
[Date "2004.02.07"]
[Round "8.6"]
[White "Priam, Stefan"]
[Black "Sarmir, Milos"]
[Result "0-1"]
[WhiteElo "1953"]
[BlackElo "2142"]
[PlyCount "102"]
[EventDate "2003.??.??"]

1. d4 Nf6 2. c4 e6 3. Bg5 Be7 4. Nf3 d5 5. e3 Nbd7 6. Nc3 h6 7. Bh4 O-O 8. Bd3
dxc4 9. Bxc4 b6 10. O-O Bb7 11. Re1 Ne4 12. Bxe7 Qxe7 13. Nxe4 Bxe4 14. Rc1 c5
15. Bd3 Bb7 16. Be2 Rfd8 17. Qc2 Rac8 18. Qa4 a6 19. dxc5 Nxc5 20. Qb4 Qc7 21.
Qg4 a5 22. a3 Bxf3 23. Qxf3 Qe5 24. b4 Nb3 25. Rxc8 Rxc8 26. Rd1 Qb2 27. bxa5
bxa5 28. a4 Nd2 29. Qg4 Rc1 30. h4 f5 31. Qh5 Ne4 32. Rxc1 Qxc1+ 33. Bf1 Kf8
34. Qe2 Ke7 35. g3 Nd2 36. h5 e5 37. Kg2 e4 38. Qb5 Qxf1+ 39. Qxf1 Nxf1 40.
Kxf1 Kd6 41. f3 Kc5 42. Kf2 Kb4 43. g4 fxg4 44. fxe4 Kxa4 45. Kg3 Kb4 46. Kxg4
a4 47. e5 Kc5 48. Kf5 a3 49. Kg6 a2 50. Kf7 a1=Q 51. e6 Qf6+ 0-1

[Event "SR 2. liga A 2003/2004"]
[Site "?"]
[Date "2004.02.07"]
[Round "8.6"]
[White "Raczko, Peter"]
[Black "Hanes, Mojmir"]
[Result "1/2-1/2"]
[WhiteElo "2074"]
[BlackElo "2045"]
[PlyCount "21"]
[EventDate "2003.??.??"]

1. e4 e5 2. Nf3 Nc6 3. Nc3 Nf6 4. d4 exd4 5. Nxd4 d6 6. Bb5 Bd7 7. Nxc6 Bxc6 8.
Bxc6+ bxc6 9. O-O Be7 10. Re1 O-O 11. e5 1/2-1/2